Italian Names to English - Statistics

General Stats
  • This quiz has been taken 56 times
  • The average score is 10 of 14
Answer Stats
Hint Answer % Correct
Alessandro Alexander
98%
Riccardo Richard
92%
Carlo Charles
86%
Matteo Matthew
86%
Francesco Francis
82%
Giovanni John
82%
Andrea Andrew
80%
Giuseppe Joseph
76%
Lucia Lucy
76%
Lorenzo Lawrence
73%
Luigi Louis
69%
Giacomo James
63%
Guglielmo William
49%
Chiara Clare/Clara
31%
No matching quizzes found
Score Distribution
Percent of People with Each Score
Percentile by Number Answered
Your Score History
You have not taken this quiz